Cámara AQP : revista institucional de la Cámara de Comercio e Industria de Arequipa (Registro nro. 22120)

Detalles MARC
000 -Cabecera
Campo de control interno 02950nam a22002777a 4500
005 - Fecha y hora del registro
control field 20260325115720.0
008 - Elementos de Longitud Fija
fixed length control field 260324b |||||||| |||| 00| 0 spa d
041 ## - Idioma
Codigo Idioma ESP
082 ## - DEWEY y NOTACIÓN INTERNA
Dewey HR 330 DIC 2025
Notación Interna CA
100 ## - AUTOR
Autor denominación ,
110 ## - AUTOR INSTTITUCIONAL
Autor Institucional Cámara de Comercio e Industria de Arequipa
245 ## - TÍTULO DE MATERIAL BIBLIOGRÁFICO
Título Cámara AQP : revista institucional de la Cámara de Comercio e Industria de Arequipa
260 ## - CIUDAD, EDITORIAL, AÑO
Ciudad Arequipa :
Nombre de la Editorial Cámara de Comercio e Industria de Arequipa,
Año 2026
300 ## - DESCRIPCIÓN
N° Páginas 90 páginas :
Otros detalles fotografías, gráficos ;
Dimensiones 29 cm.
440 ## - MENCIÓN DE SERIE
Título de la Serie ;
500 ## - NOTA GENERAL
Nota General N° 46 (2025)
505 ## - TABLA DE CONTENIDO
Tabla de Contenido CONTENIDO <br/>- Perú 2026: la encrucijada económica<br/>- Protección de datos en Perú: obligaciones clave para las empresas<br/>- Perspectivas sobre la economía peruana en el 2026<br/>- IRESA 2025: la sostenibilidad como pilar de la competitividad regional<br/>- Proyecto especial integral Majes Siguas: transformando una esperanza en realidad<br/>- La falla del desarrollo: Arequipa 2045 ante el reto de ser potencia energética o colapsar por el caos urbano<br/>- Empleabilidad juvenil: desafíos y oportunidades<br/>- Arequipa, 25 años como patrimonio cultural de la humanidad: la historia detrás del reconocimiento y los desafíos de su conservación<br/>- La ley agraria es una oportunidad para ordenar, modernizar y hacer más competitivo el agro<br/>- Crece el primer semillero escolar que busca formar a los emprendedores de mañana<br/>- Química verde y economía circular: una alianza que impulsa la innovación y los negocios sostenibles en el Perú<br/>- Presto: la historia de cómo un local de cuatro mesas se convirtió en cadena regional<br/>- I Feria inclusiva de emprendedores con discapacidad: una apuesta por la autonomía y el talento desde Arequipa<br/>- De Huariques, repostería y economía: impulsando a las pymes de Perú<br/>- Impulsando tradición y calidad en bebidas. Diego Broders Odiag, gerente administrativo de Kola Escocesa<br/>- Fundación BBVA y hay festival Arequipa: más de una década fomentando la cultura como motor de desarrollo social<br/>- El paladar real del Sur: Adriana Agramonte, la dama del Catering que cautivó al rey<br/>- Transformación digital: gemelos digitales como herramientas de la minería sostenible y escalable<br/>- Arequipa, capital de las letras<br/>- La Ciudad del Sillar canta a Belén<br/>- Centro de arbitraje de la CCIA se incorpora al Registro Nacional de Arbitraje y Juntas de Resolución de Disputas<br/>- Institucionales<br/>- La Cámara de Comercio e Industria de Arequipa da la bienvenida a sus nuevos asociados<br/>- Nuestros asociados
650 ## - TEMAS
Temas Ciencias Sociales
653 ## - DESCRIPTORES
Lenguajes no controlado Economía - Revista; Industrias - Revista
654 ## - PROGRAMAS
Programa Dpto. de Administración de Negocios
700 ## - OTROS AUTORES
Otros autores ;
856 ## - URL - UBICACIÓN
URI/URL: Enlace exacto del recurso <a href="https://0u20uu1xc-y-https-actualidadempresarial-pe.itmsp.museknowledge.com/">https://0u20uu1xc-y-https-actualidadempresarial-pe.itmsp.museknowledge.com/</a>
Nota pública: Versión digital <a href="Véase además: Revista Actualidad Empresarial">Véase además: Revista Actualidad Empresarial</a>
856 ## - URL - UBICACIÓN
URI/URL: Enlace exacto del recurso <a href="https://legal.legis.com.pe/home/Corporativo">https://legal.legis.com.pe/home/Corporativo</a>
Nota pública: Versión digital <a href="Véase además: Base de datos Multilegis">Véase además: Base de datos Multilegis</a>
942 ## - ELEMENTOS DE KOHA
Tipo de documento Revista
Nombre del creador Justo Noguera
Código de catalogador Justo Noguera
Suppress in OPAC No
Esquema de clasificación Dewey Decimal Classification
Existencias
Codigo completo Registro Colección Copia número Disponibilidad Tipo de préstamo Biblioteca Actual Procedencia (Biblioteca) Ubicacón Fecha Ingreso Tipo de Adquisición Observación Date last seen Total checkouts Price effective from Tipo de Item Estado del Material Fuente de Clasificación Damaged status Withdrawn status
HR 330 DIC 2025 CA 1088211 Universidad Católica San Pablo 1 Disponible Disponible Víctor Andrés Belaunde Víctor Andrés Belaunde Planta baja abierta 24/03/2026 Donación Rectorado UCSP 24/03/2026   24/03/2026 Revista Bueno Dewey Decimal Classification